| 000 | 00576nam a2200193Ia 4500 | ||
|---|---|---|---|
| 008 | 191130s2008##################000#0#eng## | ||
| 020 | _a9780713686166 | ||
| 040 |
_aACL _cACL |
||
| 082 | _a577.731 HOL | ||
| 100 | _aBlomdahl, Anders | ||
| 245 |
_aFlight identification of European seabirds _cAnders Blomdahl; Bertil Breife; Niklas Holmstrom |
||
| 260 |
_aLondon _bChristopher Helm _c2008 |
||
| 300 | _a374p | ||
| 500 | _aIncludes index | ||
| 650 | _aField Identification- Seabirds | ||
| 990 | _ae357b5a1ac10000c0f0c7b1577bb28e0 | ||
| 991 | _a245708 | ||
| 999 |
_c185169 _d185169 |
||